[Event "Remote S7E High email"]
[Site "Remote email"]
[Date "2013.06.11"]
[Round "?"]
[White "Kirwald, Franz"]
[Black "Brueske, Thomas"]
[Result "0-1"]
[WhiteElo "2264"]
[BlackElo "2300"]
[PlyCount "136"]
[EventDate "2013.??.??"]
[EventType "tourn (corr)"]
[EventRounds "6"]
[EventCountry "GER"]
[SourceTitle "Corr 2015"]
[Source "ChessBase"]
[SourceDate "2015.07.17"]
[SourceVersion "1"]
[SourceVersionDate "2015.07.17"]
[SourceQuality "1"]

1. d4 Nf6 2. Nf3 e6 3. c4 b6 4. a3 Bb7 5. Nc3 d5 6. Bg5 h6 7. Bxf6 Qxf6 8. cxd5 exd5 9. Qa4+ Bc6 10. Qc2 Bd6 11. e3 0-0 12. Bd3 Nd7 13. 0-0 Bb7 14. Bh7+ Kh8 15. Bf5 Rfd8 16. Rfe1 g6 17. Bxd7 Rxd7 18. Qa4 Qf5 19. h3 a6 20. Rac1 Re7 21. Qd1 g5 22. Nd2 Rg8 23. b4 Qe6 24. Ne2 f6 25. Nf1 f5 26. Qd3 Qf6 27. Nfg3 Rf7 28. Nh5 Qg6 29. Neg3 Rff8 30. f4 Bc8 31. Re2 g4 32. hxg4 Qxg4 33. Rf2 Bd7 34. Qxa6 Qh4 35. Qb7 Rxg3 36. Nxg3 Qxg3 37. Rf3 Qg8 38. Rh3 Qe6 39. Qa6 Rg8 40. Kf2 Rg6 41. Qd3 Qg8 42. Rh2 Qf8 43. Rh3 Qg7 44. g3 b5 45. Qd1 c6 46. Qf3 Bf8 47. Rh5 Kg8 48. Rg1 Qf6 49. Qe2 Rg7 50. Rgh1 Re7 51. Qd3 Qf7 52. R5h4 Re4 53. Qe2 Bg7 54. Qd2 Be8 55. Qd1 Qe7 56. Qd2 h5 57. Rc1 Bf6 58. Rh2 h4 59. Rc3 Bh5 60. Kf1 Kg7 61. gxh4 Bxh4 62. Qc1 Re6 63. Qc2 Bg4 64. Qg2 Kf8 65. Qd2 Bg3 66. Rh8+ Kg7 67. Rh1 Bf3 68. Rg1 Qh4 0-1

[Event "Remote email"]
[Site "Remote email"]
[Date "2013.05.27"]
[Round "?"]
[White "Brueske, Thomas"]
[Black "Peschen, Rainer"]
[Result "1-0"]
[WhiteElo "2300"]
[BlackElo "2072"]
[PlyCount "63"]
[EventDate "2013.??.??"]
[EventType "tourn (corr)"]
[EventRounds "6"]
[EventCountry "GER"]
[SourceTitle "Corr 2015"]
[Source "ChessBase"]
[SourceDate "2015.07.17"]
[SourceVersion "1"]
[SourceVersionDate "2015.07.17"]
[SourceQuality "1"]

1. d4 f5 2. g3 Nf6 3. Bg2 g6 4. Nf3 Bg7 5. 0-0 0-0 6. c4 d6 7. Nc3 Nc6 8. Qc2 e5 9. dxe5 dxe5 10. Rd1 Bd7 11. Ng5 Qe7 12. Be3 h6 13. Nd5 Nxd5 14. cxd5 Nd4 15. Bxd4 exd4 16. Nf3 c5 17. dxc6 Bxc6 18. Nxd4 Bxg2 19. Kxg2 Rfd8 20. Qb3+ Qf7 21. Ne6 Rxd1 22. Rxd1 Re8 23. Nxg7 Qxb3 24. axb3 Kxg7 25. Rd7+ Kf6 26. e3 Rb8 27. Rd6+ Kg7 28. Kf3 a6 29. Rb6 h5 30. b4 Kh7 31. h4 Kh6 32. b3 1-0

[Event "Remote email"]
[Site "Remote email"]
[Date "2013.05.27"]
[Round "?"]
[White "Brueske, Thomas"]
[Black "Witt, Monika"]
[Result "1-0"]
[WhiteElo "2303"]
[BlackElo "1428"]
[PlyCount "69"]
[EventDate "2013.??.??"]
[EventType "tourn (corr)"]
[EventRounds "6"]
[EventCountry "GER"]
[SourceTitle "Corr 2015"]
[Source "ChessBase"]
[SourceDate "2015.07.17"]
[SourceVersion "1"]
[SourceVersionDate "2015.07.17"]
[SourceQuality "1"]

1. e4 e5 2. Nf3 Nc6 3. Bb5 a6 4. Bxc6 dxc6 5. 0-0 Bd6 6. d4 Bg4 7. dxe5 Be7 8. Qe2 Qc8 9. h3 h6 10. hxg4 Bc5 11. Qc4 b6 12. b4 Qe6 13. Qxe6+ fxe6 14. bxc5 bxc5 15. Be3 c4 16. Bc5 0-0-0 17. Nd4 Kd7 18. Rd1 h5 19. Nf5+ Kc8 20. Rxd8+ Kxd8 21. Nxg7 hxg4 22. Nxe6+ Kc8 23. Nc3 g3 24. fxg3 Nh6 25. Rf1 Kd7 26. Nf8+ Ke8 27. Nd1 Rg8 28. Rf6 Nf7 29. e6 Ng5 30. Nf2 a5 31. Ng6 a4 32. Ne7 Nh7 33. Nxg8 a3 34. Rf7 Ng5 35. Rf8# 1-0

[Event "Remote-ch Class3 email"]
[Site "Remote email"]
[Date "2013.04.01"]
[Round "?"]
[White "Brueske, Thomas"]
[Black "Wittal, Werner"]
[Result "0-1"]
[WhiteElo "2303"]
[BlackElo "2332"]
[PlyCount "104"]
[EventDate "2013.??.??"]
[EventType "tourn (corr)"]
[EventRounds "6"]
[EventCountry "GER"]
[SourceTitle "Corr 2015"]
[Source "ChessBase"]
[SourceDate "2015.07.17"]
[SourceVersion "1"]
[SourceVersionDate "2015.07.17"]
[SourceQuality "1"]

1. e4 e5 2. Nf3 Nc6 3. Bb5 a6 4. Bxc6 dxc6 5. 0-0 Qf6 6. d3 Ne7 7. Be3 Ng6 8. Nbd2 Be7 9. Bg5 Qe6 10. Bxe7 Qxe7 11. Nc4 f6 12. Ne3 Be6 13. a4 Nf4 14. Qd2 0-0 15. g3 Nh3+ 16. Kg2 Rad8 17. Qc3 Qd7 18. Rfd1 Kh8 19. d4 Qf7 20. Nf5 g6 21. Nh6 Qg7 22. dxe5 Qxh6 23. exf6 Kg8 24. Rxd8 Rxd8 25. Re1 Qh5 26. b3 b6 27. b4 c5 28. b5 axb5 29. axb5 Ng5 30. Nxg5 Qxg5 31. h4 Qd2 32. Qe5 Kf7 33. Re3 Rd7 34. Qg5 Qd4 35. Qh6 Qxf6 36. Qxh7+ Ke8 37. Qh6 Bc4 38. Ra3 Rd1 39. f3 Ke7 40. e5 Qf5 41. Rc3 Bf1+ 42. Kf2 Kd7 43. Qg7+ Kc8 44. Ke3 Bxb5 45. Qe7 Rf1 46. Kd2 Qh3 47. Rxc5 bxc5 48. Qf8+ Kb7 49. Qxc5 Qd7+ 50. Kc3 Rxf3+ 51. Kb2 Qc6 52. Qd4 Bc4 0-1

[Event "Remote-ch Class3 email"]
[Site "Remote email"]
[Date "2013.04.01"]
[Round "?"]
[White "Brueske, Thomas"]
[Black "Zidu, Jan"]
[Result "0-1"]
[WhiteElo "2300"]
[BlackElo "2538"]
[PlyCount "148"]
[EventDate "2013.??.??"]
[EventType "tourn (corr)"]
[EventRounds "6"]
[EventCountry "GER"]
[SourceTitle "Corr 2015"]
[Source "ChessBase"]
[SourceDate "2015.07.17"]
[SourceVersion "1"]
[SourceVersionDate "2015.07.17"]
[SourceQuality "1"]

1. Nf3 Nf6 2. b3 d5 3. e3 g6 4. Bb2 c5 5. c4 dxc4 6. Bxc4 Bg7 7. h3 0-0 8. 0-0 Nc6 9. d3 a6 10. a4 b6 11. Nbd2 Bb7 12. Rc1 e6 13. Re1 Qe7 14. e4 Rfd8 15. e5 Nd5 16. Ne4 Nc7 17. Nf6+ Kh8 18. d4 Nxe5 19. Nxe5 Bxf6 20. Qg4 Kg8 21. dxc5 bxc5 22. Bc3 Rac8 23. Rb1 Nd5 24. Ba5 Rd6 25. Rbd1 Nc7 26. Qe2 h5 27. Rd3 Rxd3 28. Qxd3 Kg7 29. Bc3 Rd8 30. Qg3 Nd5 31. Bb2 Qd6 32. Bd3 Qc7 33. h4 Kg8 34. Be4 Bg7 35. Rd1 Rf8 36. Qg5 Nf6 37. Bc2 Bd5 38. Ba1 Nh7 39. Qf4 Qb7 40. f3 Qb4 41. Qg3 Qb8 42. Rb1 Nf6 43. Qg5 Qc7 44. Kh1 Ne8 45. Bxg6 fxg6 46. Nxg6 Rf7 47. Be5 Qb7 48. Bxg7 Nxg7 49. Qd8+ Kh7 50. Nf8+ Rxf8 51. Qxf8 c4 52. b4 Nf5 53. Qd8 c3 54. Qg5 Qg7 55. Qxh5+ Qh6 56. Qxh6+ Kxh6 57. Re1 Nd4 58. b5 axb5 59. axb5 Nxb5 60. Rc1 Bb3 61. Kg1 c2 62. Kf2 Nc3 63. Ke3 Na2 64. Rxc2 Bxc2 65. g4 e5 66. Kd2 Bg6 67. Ke3 Nc3 68. Kf2 Nd5 69. Kg3 Bh5 70. gxh5 Kxh5 71. Kh3 Ne3 72. Kg3 Nf5+ 73. Kh3 Nxh4 74. Kg3 Kg5 0-1

[Event "Remote-ch Class3 email"]
[Site "Remote email"]
[Date "2013.04.01"]
[Round "?"]
[White "Spreemann, Ralf"]
[Black "Brueske, Thomas"]
[Result "1-0"]
[WhiteElo "2395"]
[BlackElo "2303"]
[PlyCount "79"]
[EventDate "2013.??.??"]
[EventType "tourn (corr)"]
[EventRounds "6"]
[EventCountry "GER"]
[SourceTitle "Corr 2015"]
[Source "ChessBase"]
[SourceDate "2015.07.17"]
[SourceVersion "1"]
[SourceVersionDate "2015.07.17"]
[SourceQuality "1"]

1. e4 c5 2. Nf3 Nc6 3. d4 cxd4 4. Nxd4 Nf6 5. Nc3 e5 6. Ndb5 d6 7. Bg5 a6 8. Na3 b5 9. Nd5 Be7 10. Bxf6 Bxf6 11. c3 0-0 12. Nc2 g5 13. a4 bxa4 14. Nce3 Bg7 15. Qxa4 Ne7 16. Bc4 Nxd5 17. Bxd5 Ra7 18. 0-0 Bd7 19. Qa2 Qc7 20. Rfb1 Bh6 21. g4 Kh8 22. b4 Rb8 23. c4 Bc8 24. b5 Bf8 25. Bc6 Be6 26. Nd5 Bxd5 27. Bxd5 a5 28. Qb3 Qb6 29. Qf3 h6 30. Rb3 Bg7 31. Rba3 Qc7 32. Qc3 Qd7 33. h3 h5 34. Qe3 f6 35. Rxa5 Rxa5 36. Rxa5 h4 37. Ra7 Qd8 38. Qf3 Qc8 39. Kg2 Rb6 40. Ra8 1-0

[Event "Remote-chT2 Bd.1/2 email"]
[Site "Remote email"]
[Date "2013.02.15"]
[Round "?"]
[White "Faber, Hans Alban"]
[Black "Brueske, Thomas"]
[Result "1-0"]
[WhiteElo "2388"]
[BlackElo "2303"]
[PlyCount "109"]
[EventDate "2013.??.??"]
[EventType "tourn (corr)"]
[EventRounds "8"]
[EventCountry "GER"]
[SourceTitle "Corr 2015"]
[Source "ChessBase"]
[SourceDate "2015.07.17"]
[SourceVersion "1"]
[SourceVersionDate "2015.07.17"]
[SourceQuality "1"]

1. e4 e5 2. Nf3 Nf6 3. Nxe5 d6 4. Nf3 Nxe4 5. d4 d5 6. Bd3 Nc6 7. 0-0 Be7 8. Re1 Bg4 9. c3 f5 10. Qb3 0-0 11. Nbd2 Na5 12. Qa4 Nc6 13. Bb5 Nxd2 14. Nxd2 f4 15. Be2 Bxe2 16. Rxe2 Qd7 17. Nf3 g5 18. Bd2 Bf6 19. h3 Rae8 20. Rae1 Rxe2 21. Rxe2 a6 22. Qb3 Na5 23. Qb4 b6 24. b3 h5 25. Qa3 Qf5 26. Ne5 Re8 27. Re1 Bxe5 28. Qa4 Kf7 29. c4 c5 30. dxe5 d4 31. e6+ Rxe6 32. Qd7+ Kf6 33. Qd8+ Kg6 34. Rxe6+ Qxe6 35. h4 gxh4 36. Bxf4 Kh7 37. Qxh4 Qe8 38. Qh3 Nc6 39. Bc7 Qe1+ 40. Kh2 Qe8 41. Qf5+ Kg7 42. Qd5 Nb4 43. Be5+ Kf8 44. Bd6+ Kg7 45. Qb7+ Qf7 46. Be5+ Kg8 47. Qxb6 Nd3 48. Bg3 Kh7 49. f3 Qg6 50. Qc7+ Kh6 51. b4 cxb4 52. c5 h4 53. Bd6 h3 54. Bf8+ Kh5 55. g4+ 1-0

[Event "Remote Pyramide email"]
[Site "Remote email"]
[Date "2012.12.09"]
[Round "?"]
[White "Brueske, Thomas"]
[Black "Fam, Rudolf"]
[Result "1/2-1/2"]
[WhiteElo "2305"]
[BlackElo "2326"]
[PlyCount "45"]
[EventDate "2012.??.??"]
[EventType "tourn (corr)"]
[EventRounds "6"]
[EventCountry "GER"]
[SourceTitle "Corr 2015"]
[Source "ChessBase"]
[SourceDate "2015.07.17"]
[SourceVersion "1"]
[SourceVersionDate "2015.07.17"]
[SourceQuality "1"]

1. e4 c5 2. Nf3 Nc6 3. d4 cxd4 4. Nxd4 e5 5. Nf3 Nf6 6. Bd3 d5 7. exd5 Nxd5 8. 0-0 Ndb4 9. Re1 f6 10. Nc3 Nxd3 11. cxd3 Be6 12. Qe2 Bc5 13. Be3 Bxe3 14. Qxe3 0-0 15. d4 Nxd4 16. Nxd4 Qxd4 17. Qxd4 exd4 18. Nb5 Bf7 19. Nxd4 Rad8 20. Red1 Rd7 21. Nb5 Rfd8 22. Rxd7 Rxd7 23. a3 1/2-1/2

[Event "Remote-chT2 Bd.1/1 email"]
[Site "Remote email"]
[Date "2012.11.05"]
[Round "?"]
[White "Spreemann, Ralf"]
[Black "Brueske, Thomas"]
[Result "1-0"]
[WhiteElo "2343"]
[BlackElo "2305"]
[PlyCount "67"]
[EventDate "2012.??.??"]
[EventType "tourn (corr)"]
[EventRounds "8"]
[EventCountry "GER"]
[SourceTitle "Corr 2015"]
[Source "ChessBase"]
[SourceDate "2015.07.17"]
[SourceVersion "1"]
[SourceVersionDate "2015.07.17"]
[SourceQuality "1"]

1. e4 e5 2. Nf3 Nf6 3. Nxe5 d6 4. Nf3 Nxe4 5. d4 d5 6. Bd3 Nc6 7. 0-0 Be7 8. Nc3 Nxc3 9. bxc3 0-0 10. h3 h6 11. Re1 Bd6 12. Ne5 Re8 13. Bf4 Nxe5 14. dxe5 Bc5 15. Rb1 b6 16. Qf3 Be6 17. Rbd1 Qd7 18. Qh5 Bf8 19. Re3 g6 20. Rg3 Bg7 21. Bxg6 fxg6 22. Qxg6 Re7 23. Bxh6 c5 24. Bg5 Bf5 25. Qh5 Rf7 26. Bf6 Rc8 27. Rg5 Bxc2 28. Re1 Re8 29. Re3 Re6 30. Qh6 Bg6 31. Qxg6 d4 32. cxd4 cxd4 33. Reg3 Rexf6 34. exf6 1-0